LEADER 01381nam 2200373Ia 450 001 996383770303316 005 20200824132733.0 035 $a(CKB)1000000000587134 035 $a(EEBO)2240991382 035 $a(OCoLC)ocm12682988e 035 $a(OCoLC)12682988 035 $a(EXLCZ)991000000000587134 100 $a19851017d1641 uy | 101 0 $aeng 135 $aurbn||||a|bb| 200 10$aAnother sermon preached to the Honorable House of Commons now assembled in Parliament, November the fifth, 1641$b[electronic resource] /$fby Cornelius Burges, D.D. ; wherein, among other things, are shewed a list of some of the popish traytors in England 210 $aLondon $cPrinted by R.B. for P. Stephens and C. Meridith ...$d1641 215 $a[4], 65 p 300 $aErrata: p. 65. 300 $aReproduction of original in Huntington Library. 330 $aeebo-0113 606 $aGunpowder Plot, 1605$vSermons 606 $aSermons, English$y17th century 615 0$aGunpowder Plot, 1605 615 0$aSermons, English 700 $aBurges$b Cornelius$f1589?-1665.$01002137 801 0$bEAA 801 1$bEAA 801 2$bm/c 801 2$bWaOLN 906 $aBOOK 912 $a996383770303316 996 $aAnother sermon preached to the Honorable House of Commons now assembled in Parliament, November the fifth, 1641$92413251 997 $aUNISA